ბათუმის შოთა რუსთაველის სახელმწიფო უნივერსიტეტის ბიბლიოთეკა

Этикет у народов передней Азии (ბიბ.ჩანაწერი № 35538)

000 -LEADER
fixed length control field 00553nam a2200217Ia 4500
001 - CONTROL NUMBER
control field 1399
003 - CONTROL NUMBER IDENTIFIER
control field GE_BSU
008 - FIXED-LENGTH DATA ELEMENTS--GENERAL INFORMATION
fixed length control field 181216s||||||||xx |||||||||||||| ||und||
040 ## - CATALOGING SOURCE
Transcribing agency GE_BSU
080 ## - UNIVERSAL DECIMAL CLASSIFICATION NUMBER
Universal Decimal Classification number 395(5)
245 ## - TITLE STATEMENT
Title Этикет у народов передней Азии
245 ## - TITLE STATEMENT
Remainder of title Сборник статей
260 ## - PUBLICATION, DISTRIBUTION, ETC.
Place of publication, distribution, etc. Москва
260 ## - PUBLICATION, DISTRIBUTION, ETC.
Name of publisher, distributor, etc. Наука
260 ## - PUBLICATION, DISTRIBUTION, ETC.
Date of publication, distribution, etc. 1988
300 ## - PHYSICAL DESCRIPTION
Extent 263стр.
653 ## - INDEX TERM--UNCONTROLLED
Uncontrolled term Этикет
653 ## - INDEX TERM--UNCONTROLLED
Uncontrolled term Этикет у народов передней Азии
942 ## - ADDED ENTRY ELEMENTS (KOHA)
Koha item type წიგნი
ეგზემპლარები
Withdrawn status Lost status Damaged status Not for loan Date acquired Barcode Date last seen Price effective from Koha item type
        2018-12-17 1279 2018-12-17 2018-12-17 წიგნი